[Event "50th World U20 ch"]
[Site "Chennai IND"]
[Date "2011.08.09"]
[Round "7.28"]
[White "Debashis, Das"]
[Black "Pradeep Kumar, R. A."]
[Result "1-0"]
[WhiteElo "2396"]
[BlackElo "2245"]
[EventDate "2011.08.02"]
[PlyCount "72"]

1.e4 c5 2.Nf3 Nc6 3.d4 cxd4 4.Nxd4 Nf6 5.Nc3 e5 6.Ndb5 d6 7.Bg5 a6 8.Na3 
b5 9.Nd5 Qa5+ 10.Bd2 Qd8 11.Bg5 Qa5+ 12.Bd2 Qd8 13.Bd3 Be6 14.c4 bxc4 15.
Nxc4 Be7 16.Qa4 Bd7 17.Qa3 Nxd5 18.exd5 Nd4 19.Nxd6+ Kf8 20.Bb4 Rb8 21.Bc5
Kg8 22.O-O g5 23.Rfe1 f6 24.Rac1 Bf8 25.Bf1 Kg7 26.Rc3 h5 27.Rec1 g4 28.
Bd3 h4 29.Bxd4 exd4 30.Rc7 Kg8 31.Qxa6 g3 32.Qa7 gxf2+ 33.Kf1 Bxd6 34.Rxd7
Qf8 35.Rc6 Bg3 36.Rh7 Qd8 1-0

[Event "50th World U20 ch"]
[Site "Chennai IND"]
[Date "2011.08.09"]
[Round "7.29"]
[White "Gagare, Shardul"]
[Black "Udeshi, Aditya"]
[Result "1/2-1/2"]
[WhiteElo "2223"]
[BlackElo "2378"]
[EventDate "2011.08.02"]
[PlyCount "150"]

1.c4 e6 2.g3 d5 3.Bg2 c5 4.Nf3 Nc6 5.cxd5 exd5 6.d4 Nf6 7.O-O Be7 8.Nc3 
O-O 9.Bg5 c4 10.Ne5 Be6 11.b3 cxb3 12.Nxc6 bxc6 13.axb3 h6 14.Bxf6 Bxf6 
15.Na4 Bg4 16.Qd3 h5 17.Rfc1 Qd6 18.e3 Rfb8 19.Nc5 a5 20.Na6 Bf5 21.Qxf5 
Rxa6 22.Bf1 Ra7 23.Qc2 Rb6 24.Qc3 Bd8 25.Rxa5 Rxa5 26.Qxa5 Rxb3 27.Qc5 
Qxc5 28.Rxc5 Rb6 29.Bh3 Be7 30.Rc2 c5 31.dxc5 Rc6 32.Bg2 Rxc5 33.Rd2 Rc1+ 
34.Bf1 Rc5 35.h4 g6 36.Be2 Bf6 37.Bf3 Bc3 38.Rd1 Kg7 39.Bxd5 Bf6 40.Kg2 
Rc7 41.Rd2 Rc5 42.e4 Rb5 43.Rd3 Ra5 44.f4 Rc5 45.e5 Be7 46.Kf3 Rc1 47.Rb3 
Rc7 48.Ke4 Ra7 49.Rb8 Ra4+ 50.Kf3 Ra7 51.Bb3 Rc7 52.Kg2 Bc5 53.Rd8 Bb4 54.
e6 fxe6 55.Bxe6 Kf6 56.Bd5 Kg7 57.Rg8+ Kh7 58.Re8 Be7 59.Ra8 Bf6 60.Ra6 
Kg7 61.Be4 Re7 62.Kf3 Rf7 63.Rc6 Rf8 64.Bd5 Re8 65.Rc7+ Re7 66.Rc8 Ra7 67.
Rg8+ Kh7 68.Re8 Ra3+ 69.Kg2 Ra7 70.Re3 Kg7 71.Kf3 Rc7 72.Re8 Rc3+ 73.Kg2 
Rc2+ 74.Kf3 Rc3+ 75.Kg2 Rc2+ 1/2-1/2

[Event "50th World U20 ch"]
[Site "Chennai IND"]
[Date "2011.08.09"]
[Round "7.30"]
[White "Turqueza, Mari Joseph"]
[Black "Srinath, Narayanan"]
[Result "1-0"]
[WhiteElo "2235"]
[BlackElo "2371"]
[EventDate "2011.08.02"]
[PlyCount "63"]

1.d4 Nf6 2.Nf3 e6 3.g3 c5 4.Bg2 cxd4 5.O-O d5 6.Nxd4 Be7 7.c4 O-O 8.cxd5 
Nxd5 9.e4 Nb6 10.Nc3 Bd7 11.Qe2 Na4 12.Nxa4 Bxa4 13.Qc4 Be8 14.Be3 Nd7 15.
Rac1 Ne5 16.Qb3 Rb8 17.Nxe6 fxe6 18.Qxe6+ Nf7 19.Rfd1 Bd6 20.e5 Bd7 21.Qd5
Ba4 22.Rd4 Bxe5 23.Rxa4 Qf6 24.Rxa7 Bxb2 25.Rc7 Rbd8 26.Qb3 Bd4 27.Bxd4 
Qxd4 28.Raxb7 Qa1+ 29.Bf1 Rd1 30.Rxf7 Rxf1+ 31.Kg2 Rg1+ 32.Kh3 1-0

[Event "50th World U20 ch"]
[Site "Chennai IND"]
[Date "2011.08.09"]
[Round "7.33"]
[White "Aravindh, Chithambaram"]
[Black "Soors, Stef"]
[Result "1-0"]
[WhiteElo "2212"]
[BlackElo "2353"]
[EventDate "2011.08.02"]
[PlyCount "119"]

1.e4 c6 2.d4 d5 3.Nc3 dxe4 4.Nxe4 Bf5 5.Ng3 Bg6 6.Bc4 e6 7.N1e2 Nf6 8.O-O 
Bd6 9.f4 Qc7 10.f5 Bxf5 11.Nxf5 exf5 12.Rxf5 Nbd7 13.Ng3 O-O-O 14.Qf1 h5 
15.Bf4 g6 16.Bxd6 Qxd6 17.Rf4 g5 18.Rf3 Ng4 19.Qd3 Nxh2 20.Rxf7 Ng4 21.Re1
Rhe8 22.Kf1 Nh2+ 23.Kf2 Ng4+ 24.Kf1 Kb8 25.Ne4 Qh2 26.Qg3+ Qxg3 27.Nxg3 
Nh2+ 28.Kf2 Ng4+ 29.Kf1 Rxe1+ 30.Kxe1 Ne3 31.Bb3 Nxg2+ 32.Kf2 Nf4 33.Ne4 
Nh3+ 34.Kg3 g4 35.Kh4 Nb6 36.Nc5 Rxd4 37.Rf8+ Nc8 38.Be6 Kc7 39.Bxc8 Kd6 
40.Nd3 Kc7 41.Kxh5 c5 42.Bxg4 c4 43.Rf7+ Kb6 44.Bxh3 cxd3 45.cxd3 Rxd3 46.
Bg2 Rd2 47.Rxb7+ Ka6 48.Bf3 Rf2 49.Rb3 Ka5 50.Kg4 Rd2 51.Kf4 Rh2 52.Ke3 
Rh3 53.Kd2 Rg3 54.Be2 Rg7 55.Rb5+ Ka4 56.b3+ Ka3 57.Kc3 Rc7+ 58.Bc4 Kxa2 
59.b4+ Kb1 60.Re5 1-0

[Event "50th World U20 ch"]
[Site "Chennai IND"]
[Date "2011.08.09"]
[Round "7.34"]
[White "Shreyans Shah, K."]
[Black "Ikeda, Junta"]
[Result "1-0"]
[WhiteElo "2203"]
[BlackElo "2349"]
[EventDate "2011.08.02"]
[PlyCount "85"]

1.e4 g6 2.d4 d6 3.h3 Bg7 4.Nf3 Nd7 5.Bc4 e6 6.O-O Ne7 7.Re1 a6 8.a4 b6 9.
Nc3 h6 10.Be3 Nf6 11.e5 dxe5 12.Nxe5 Bb7 13.Qd2 Ned5 14.Rad1 Nxc3 15.Qxc3 
Nd5 16.Qd3 O-O 17.Bc1 Qd6 18.c3 a5 19.Qg3 Rad8 20.Bd3 Qe7 21.Ng4 Kh7 22.
Ne5 Qe8 23.h4 Nf6 24.Ng4 Nxg4 25.Qxg4 f5 26.Qg3 Rf7 27.Bf4 Qd7 28.Rd2 Re8 
29.Rde2 Bd5 30.c4 Bb7 31.d5 e5 32.Bxe5 Qxa4 33.f4 Bf8 34.h5 Bc5+ 35.Kh2 
Rg8 36.Qh3 Qd7 37.g4 Bc8 38.hxg6+ Rxg6 39.gxf5 Rxf5 40.Rg2 Qf7 41.Ree2 Bf8
42.Rxg6 Qxg6 43.Rg2 1-0

[Event "50th World U20 ch"]
[Site "Chennai IND"]
[Date "2011.08.09"]
[Round "7.35"]
[White "Lokesh, N."]
[Black "Artemenko, Oleg"]
[Result "1/2-1/2"]
[WhiteElo "2090"]
[BlackElo "2341"]
[EventDate "2011.08.02"]
[PlyCount "116"]

1.e4 e6 2.d4 d5 3.e5 c5 4.c3 Nc6 5.Nf3 Bd7 6.Be2 Nge7 7.O-O Nf5 8.b3 Qb6 
9.Bb2 Be7 10.dxc5 Bxc5 11.Bd3 Nfe7 12.Qe2 Ng6 13.g3 O-O 14.Nbd2 f6 15.exf6
Rxf6 16.c4 d4 17.Ng5 Nf8 18.Nde4 Rh6 19.Nxc5 Qxc5 20.Bc1 Qe7 21.Ne4 Rg6 
22.Qh5 e5 23.Ng5 Rh6 24.Qe2 Re8 25.Be4 Rf6 26.f4 exf4 27.Bxf4 h6 28.Bd5+ 
Kh8 29.Qxe7 Nxe7 30.Nf7+ Kh7 31.Nd6 Ra8 32.Bxb7 Rd8 33.Be5 Rxf1+ 34.Rxf1 
Nfg6 35.Nf7 Rf8 36.Be4 Kg8 37.Bxg6 Nxg6 38.Bxd4 Rxf7 39.Bxa7 Ne5 40.Rxf7 
Kxf7 41.Kf2 Bf5 42.Ke3 Bb1 43.Kd2 Nf3+ 44.Kc3 Nxh2 45.a4 Ke6 46.b4 Be4 47.
b5 Nf3 48.a5 Kd7 49.a6 Kc8 50.Be3 h5 51.c5 Ba8 52.Kb4 h4 53.gxh4 Nxh4 54.
c6 Nf5 55.Bg1 Ne7 56.Kc5 Nxc6 57.bxc6 Bxc6 58.Kxc6 Kb8 1/2-1/2

[Event "50th World U20 ch"]
[Site "Chennai IND"]
[Date "2011.08.09"]
[Round "7.37"]
[White "Kunal, M."]
[Black "Yohan, J."]
[Result "1-0"]
[WhiteElo "2298"]
[BlackElo "2017"]
[EventDate "2011.08.02"]
[PlyCount "69"]

1.e4 e5 2.Nf3 Nc6 3.Bb5 a6 4.Ba4 Nf6 5.O-O b5 6.Bb3 Bc5 7.c3 d6 8.d4 Bb6 
9.h3 Bb7 10.Re1 O-O 11.d5 Ne7 12.a4 Ng6 13.a5 Ba7 14.c4 c5 15.dxc6 Bxc6 
16.Nc3 b4 17.Nd5 Nxd5 18.cxd5 Bd7 19.Bc2 f5 20.exf5 Bxf5 21.Bxf5 Rxf5 22.
Be3 Nf4 23.Bxf4 Rxf4 24.Qd3 Qf6 25.Rac1 Rf8 26.Rc6 Bc5 27.Rc7 Qd8 28.Rxc5 
dxc5 29.d6 e4 30.Qd5+ Kh8 31.Ne5 Rxf2 32.Rxe4 R2f5 33.d7 Qxa5 34.Nf7+ 
R5xf7 35.Qxf7 1-0

[Event "50th World U20 ch"]
[Site "Chennai IND"]
[Date "2011.08.09"]
[Round "7.38"]
[White "Benitez Lozano, Javier"]
[Black "Botta, Gabriele"]
[Result "1-0"]
[WhiteElo "1994"]
[BlackElo "2261"]
[EventDate "2011.08.02"]
[PlyCount "99"]

1.e4 c6 2.d4 d5 3.exd5 cxd5 4.c4 Nf6 5.Nc3 e6 6.Nf3 Bb4 7.Bd3 dxc4 8.Bxc4 
O-O 9.O-O Nbd7 10.Re1 b6 11.Qd3 Bb7 12.Ba6 Bxa6 13.Qxa6 Qc8 14.Qd3 h6 15.
a3 Bxc3 16.bxc3 Rd8 17.Bf4 Qc6 18.c4 Rac8 19.Rac1 Qa4 20.Ne5 Nxe5 21.Bxe5 
Nd7 22.Bf4 Nf8 23.Rc3 b5 24.Rec1 Ng6 25.Bg3 e5 26.cxb5 Rxc3 27.Qxc3 Rxd4 
28.h4 Qxb5 29.h5 Nf8 30.Qc7 f6 31.Qxa7 Qe2 32.a4 f5 33.Qe7 Rd1+ 34.Rxd1 
Qxd1+ 35.Kh2 f4 36.Bh4 Qxh5 37.g3 Ng6 38.Qd8+ Kh7 39.a5 Qf3 40.Qd2 e4 41.
a6 Nxh4 42.gxh4 Qg4 43.f3 Qg3+ 44.Kh1 Qxf3+ 45.Qg2 Qd1+ 46.Qg1 Qe2 47.a7 
Qf3+ 48.Kh2 e3 49.Qg2 Qh5 50.Qe4+ 1-0

[Event "50th World U20 ch"]
[Site "Chennai IND"]
[Date "2011.08.09"]
[Round "7.39"]
[White "Petrisor, Adrian-Marian"]
[Black "Sidhant, Mohapatra"]
[Result "1-0"]
[WhiteElo "2408"]
[BlackElo "2155"]
[EventDate "2011.08.02"]
[PlyCount "95"]

1.e4 c5 2.Nf3 e6 3.c3 Nf6 4.e5 Nd5 5.d4 cxd4 6.cxd4 d6 7.Bc4 Nb6 8.Bb3 
dxe5 9.Nxe5 Nc6 10.Nxc6 bxc6 11.O-O Be7 12.Qf3 Nd5 13.Nc3 O-O 14.Be3 f5 
15.Rac1 Kh8 16.Nxd5 cxd5 17.Bf4 Bf6 18.Qe3 Qb6 19.Be5 Ba6 20.Rfe1 Bxe5 21.
Qxe5 Rac8 22.Rxc8 Bxc8 23.Rc1 Bd7 24.h4 Rc8 25.Rxc8+ Bxc8 26.Bxd5 h6 27.
Bb3 Qc6 28.Qc5 Qd7 29.Bc4 a6 30.b4 Bb7 31.a4 Bd5 32.Bxd5 exd5 33.b5 axb5 
34.axb5 Qe6 35.Qb4 Qc8 36.Qb1 f4 37.b6 Qb7 38.Qb4 f3 39.gxf3 Kh7 40.Qd6 
Qf7 41.Qc7 Qxf3 42.b7 Qe4 43.b8=Q Qe1+ 44.Kg2 Qe4+ 45.Kh2 Qxh4+ 46.Kg1 
Qg4+ 47.Qg3 Qd1+ 48.Kg2 1-0

[Event "50th World U20 ch"]
[Site "Chennai IND"]
[Date "2011.08.09"]
[Round "7.40"]
[White "Sapozhnikov, Roman"]
[Black "Prince, Bajaj"]
[Result "1-0"]
[WhiteElo "2295"]
[BlackElo "2146"]
[EventDate "2011.08.02"]
[PlyCount "103"]

1.d4 Nf6 2.c4 e6 3.Nc3 Bb4 4.e3 O-O 5.Bd3 d5 6.Nf3 c5 7.O-O Nc6 8.a3 Bxc3 
9.bxc3 Qc7 10.Bb2 dxc4 11.Bxc4 e5 12.h3 e4 13.Nd2 Bf5 14.f4 Na5 15.Ba2 c4 
16.a4 a6 17.Bb1 Rfe8 18.g4 Bd7 19.Qe2 g6 20.Bc2 Be6 21.Qf2 Bd5 22.Qh4 Nd7 
23.f5 Kh8 24.Rf4 Rg8 25.fxg6 fxg6 26.Bxe4 Nb6 27.Qg5 Nb3 28.Bxd5 Nxd5 29.
Qxd5 Nxa1 30.Bxa1 Raf8 31.Qxc4 Qe7 32.Nf1 Rxf4 33.exf4 Qa3 34.d5 Rg7 35.
Qd4 Qxa1 36.d6 Kg8 37.d7 Rxd7 38.Qxd7 Qxc3 39.Qd5+ Kf8 40.Qd8+ Kf7 41.Qd7+
Kf8 42.Kg2 Qc2+ 43.Kf3 b5 44.axb5 Qb3+ 45.Ne3 axb5 46.Qxh7 Qb1 47.f5 Qh1+ 
48.Kf4 Qh2+ 49.Kg5 Qe5 50.Qh6+ Ke7 51.Kxg6 Qd6+ 52.Kh5 1-0

[Event "50th World U20 ch"]
[Site "Chennai IND"]
[Date "2011.08.09"]
[Round "7.41"]
[White "Surendran, N."]
[Black "Tomazini, Zan"]
[Result "0-1"]
[WhiteElo "2187"]
[BlackElo "2288"]
[EventDate "2011.08.02"]
[PlyCount "84"]

1.d4 Nf6 2.Nf3 g6 3.g3 Bg7 4.Bg2 d5 5.O-O O-O 6.c4 dxc4 7.Na3 c3 8.bxc3 c5
9.Bb2 Nc6 10.Nc4 Be6 11.Nce5 Nxe5 12.Nxe5 Bd5 13.Bxd5 Nxd5 14.c4 cxd4 15.
Bxd4 Nc7 16.Nf3 Ne6 17.Bxg7 Kxg7 18.Rb1 b6 19.Qd5 Qc7 20.Nd4 Nxd4 21.Qxd4+
Kg8 22.Qe4 Rac8 23.Rbc1 Rfd8 24.Rfd1 Qc5 25.h4 Kg7 26.Kg2 f5 27.Qc2 Rxd1 
28.Qxd1 b5 29.h5 bxc4 30.Rc3 Rc6 31.Qd2 Rd6 32.Qb2 Qd5+ 33.Kg1 Kf7 34.Re3 
Qc6 35.Kh2 Rd1 36.Rf3 Qf6 37.Qb7 Qg5 38.hxg6+ hxg6 39.Rf4 Qh5+ 40.Rh4 Qxe2
41.Rh7+ Kg8 42.Rxe7 Qh5+ 0-1

[Event "50th World U20 ch"]
[Site "Chennai IND"]
[Date "2011.08.09"]
[Round "7.42"]
[White "Ashwath, R."]
[Black "Mithil, Ajgaonkar"]
[Result "0-1"]
[WhiteElo "2259"]
[BlackElo "2130"]
[EventDate "2011.08.02"]
[PlyCount "92"]

1.d4 d5 2.Nf3 Nf6 3.c4 c6 4.cxd5 cxd5 5.Nc3 Nc6 6.Bf4 Bf5 7.e3 e6 8.Bb5 
Nd7 9.Qb3 Be7 10.Bxc6 bxc6 11.O-O O-O 12.Na4 c5 13.dxc5 Nxc5 14.Nxc5 Bxc5 
15.Rac1 Qb6 16.Rc3 f6 17.Qa4 e5 18.Bg3 Rfc8 19.Qd1 Be6 20.Qb1 Bb4 21.Rxc8+
Rxc8 22.Rc1 Rc5 23.Rxc5 Qxc5 24.Qd1 Qc6 25.h3 Be7 26.Qb3 Qb6 27.Qa4 Kf7 
28.Qh4 Bf5 29.Qa4 a5 30.Nd2 Qb4 31.Qxb4 Bxb4 32.Nf3 a4 33.Bh2 Ke6 34.h4 h5
35.Bg3 Bb1 36.a3 Ba5 37.Kf1 Bd3+ 38.Kg1 Be2 39.Kh2 Bxf3 40.gxf3 Bd2 41.f4 
Bc1 42.fxe5 fxe5 43.f4 Bxb2 44.Be1 exf4 45.exf4 Bxa3 46.Bc3 Bc1 0-1

[Event "50th World U20 ch"]
[Site "Chennai IND"]
[Date "2011.08.09"]
[Round "7.43"]
[White "Vasli, Aref"]
[Black "Hemant, Sharma"]
[Result "0-1"]
[WhiteElo "2181"]
[BlackElo "2247"]
[EventDate "2011.08.02"]
[PlyCount "106"]

1.e4 c5 2.Nf3 d6 3.d4 cxd4 4.Nxd4 Nf6 5.Nc3 a6 6.h3 e5 7.Nde2 h5 8.Bg5 Be6
9.Ng3 g6 10.Qf3 Nbd7 11.O-O-O Be7 12.Kb1 b5 13.Bd3 Rc8 14.Nge2 Nc5 15.Nc1 
b4 16.N3e2 Nfd7 17.Bxe7 Qxe7 18.Qe3 Nb6 19.Qd2 Nxd3 20.Nxd3 a5 21.h4 Nc4 
22.Qg5 Qxg5 23.hxg5 Ke7 24.c3 bxc3 25.Nxc3 Rb8 26.Ka1 Rhc8 27.Rc1 Nb6 28.
Rhd1 Rc6 29.Nb5 Rbc8 30.Rxc6 Rxc6 31.Kb1 Bc4 32.Nc3 Ke6 33.Rd2 Ba6 34.Nd5 
Bc4 35.Ne3 Bb5 36.Nd5 Bc4 37.Nf6 Rc8 38.b3 Bb5 39.Kb2 h4 40.Ne1 Bf1 41.f4 
exf4 42.Nf3 Rc5 43.Rf2 Bd3 44.Rd2 Ba6 45.Rd1 Bb7 46.a4 Nd7 47.Nxd7 Kxd7 
48.Rd4 Ke7 49.b4 axb4 50.Rxb4 Bc6 51.Rd4 Ke6 52.Kb3 d5 53.exd5+ Bxd5+ 0-1

[Event "50th World U20 ch"]
[Site "Chennai IND"]
[Date "2011.08.09"]
[Round "7.44"]
[White "Das, Sayantan"]
[Black "Kourkoulos-Arditis, Stamatis"]
[Result "1/2-1/2"]
[WhiteElo "2246"]
[BlackElo "2123"]
[EventDate "2011.08.02"]
[PlyCount "111"]

1.e4 c5 2.Nf3 e6 3.d4 cxd4 4.Nxd4 Nf6 5.Nc3 d6 6.f4 Be7 7.Be3 O-O 8.Qf3 e5
9.Nf5 Bxf5 10.exf5 Qa5 11.O-O-O e4 12.Qh3 Rc8 13.g4 Rxc3 14.bxc3 Nc6 15.g5
Nd5 16.Rxd5 Qxd5 17.Kb2 f6 18.c4 Qa5 19.Bc1 Nd4 20.Qc3 Qb6+ 21.Ka1 Nxf5 
22.Bh3 fxg5 23.fxg5 Qd4 24.Qxd4 Nxd4 25.Bb2 Nf3 26.Be6+ Kh8 27.Bd5 Nd2 28.
h4 Rf8 29.Re1 Rf1 30.Rxf1 Nxf1 31.Bxe4 Ng3 32.Bd3 b6 33.Bd4 Kg8 34.Bf2 Nh5
35.Kb2 Nf4 36.Be4 h6 37.gxh6 gxh6 38.Be3 Ne2 39.Bxh6 Bxh4 40.Kb3 Kf7 41.
Be3 Bf6 42.Kb4 Nc3 43.Bd5+ Ke7 44.Bf3 Kd7 45.Bd2 a5+ 46.Kb3 a4+ 47.Kb4 
Nxa2+ 48.Kxa4 Bc3 49.Bf4 Ba5 50.Kb3 Nc3 51.Bg3 Nb1 52.Bd5 Nc3 53.Bf3 Nb1 
54.Bg4+ Kc7 55.Be6 Nd2+ 56.Kb2 1/2-1/2

[Event "50th World U20 ch"]
[Site "Chennai IND"]
[Date "2011.08.09"]
[Round "7.45"]
[White "Kulkarni, Rakesh"]
[Black "Abhilash Reddy, M. L."]
[Result "1-0"]
[WhiteElo "2231"]
[BlackElo "2109"]
[EventDate "2011.08.02"]
[PlyCount "122"]

1.e4 c5 2.Nf3 d6 3.d4 cxd4 4.Nxd4 Nf6 5.Nc3 g6 6.Be3 Bg7 7.f3 Nc6 8.Qd2 
O-O 9.Bc4 Bd7 10.O-O-O Rb8 11.h4 b5 12.Be2 Ne5 13.h5 Nc4 14.Bxc4 bxc4 15.
g4 Qb6 16.Rdg1 Qxb2+ 17.Kd1 Bxg4 18.fxg4 Nxg4 19.Rh3 Nxe3+ 20.Qxe3 Qb6 21.
Nde2 Qxe3 22.Rxe3 e6 23.Rg4 Be5 24.Ng1 Bd4 25.Rh3 Rfc8 26.Nge2 Be5 27.Kc1 
Rc5 28.Rf3 Rb7 29.Rg1 Bg7 30.hxg6 hxg6 31.Rh3 Ra5 32.Rd1 Be5 33.Rf3 Ra3 
34.Rdf1 Ra5 35.a4 a6 36.Rd1 Rc5 37.Kd2 Ra5 38.Rff1 g5 39.Rb1 Rc7 40.Rb8+ 
Kg7 41.Rd8 Rac5 42.Rh1 Rc8 43.Rhh8 Rxd8 44.Rxd8 Kf6 45.Ke3 Bh2 46.Rh8 Be5 
47.Ra8 Rc6 48.Nd4 Rb6 49.a5 Rb2 50.Rxa6 Bf4+ 51.Kf3 Rb8 52.Rb6 Rh8 53.Nde2
Rh3+ 54.Kg2 Rh2+ 55.Kg1 Rh3 56.Rb7 Be3+ 57.Kg2 g4 58.a6 Rh8 59.a7 Ra8 60.
Nb5 Ke5 61.Rb8 Bf2 1-0

[Event "50th World U20 ch"]
[Site "Chennai IND"]
[Date "2011.08.09"]
[Round "7.46"]
[White "Jefic, Srdan"]
[Black "Dusthageer, Ibrahim M."]
[Result "0-1"]
[WhiteElo "2143"]
[BlackElo "2212"]
[EventDate "2011.08.02"]
[PlyCount "106"]

1.e4 c5 2.Nf3 Nc6 3.d4 cxd4 4.Nxd4 Nf6 5.Nc3 e5 6.Ndb5 d6 7.Bg5 a6 8.Na3 
b5 9.Nd5 Be7 10.Bxf6 Bxf6 11.c4 b4 12.Nc2 Rb8 13.Qd3 O-O 14.Be2 Bg5 15.
Nde3 Bxe3 16.Nxe3 Nd4 17.b3 f5 18.exf5 Bxf5 19.Qd2 Qh4 20.O-O Rf6 21.g3 
Qh3 22.f4 Rbf8 23.Rf2 Rh6 24.fxe5 dxe5 25.Raf1 Rhf6 26.Nd5 R6f7 27.Bd3 Be6
28.Rxf7 Rxf7 29.Rxf7 Kxf7 30.Qf2+ Ke8 31.Nxb4 Qh5 32.Be4 Bh3 33.Qe1 Ne2+ 
34.Kf2 Bg4 35.h4 g5 36.Qd2 gxh4 37.Qd6 hxg3+ 38.Ke1 Qg5 39.Qb8+ Kf7 40.
Bd5+ Kg7 41.Nd3 Nf4 42.Qxe5+ Qxe5+ 43.Nxe5 Nxd5 44.Nxg4 Nf4 45.Kf1 h5 46.
Ne3 Kf6 47.b4 h4 48.Ng2 Kg5 49.Nxf4 Kxf4 50.b5 h3 51.b6 Kf3 52.Kg1 h2+ 53.
Kh1 Kf2 0-1

[Event "50th World U20 ch"]
[Site "Chennai IND"]
[Date "2011.08.09"]
[Round "7.49"]
[White "Sochacki, Wojtek"]
[Black "Manigandan, S. S."]
[Result "1-0"]
[WhiteElo "2316"]
[BlackElo "2109"]
[EventDate "2011.08.02"]
[PlyCount "105"]

1.e4 e6 2.d4 d5 3.Nc3 Bb4 4.e5 c5 5.a3 Bxc3+ 6.bxc3 Ne7 7.Qg4 O-O 8.Bd3 f5
9.exf6 Rxf6 10.Bg5 Rf7 11.Qh5 g6 12.Qd1 Qa5 13.Bd2 Nbc6 14.Nf3 Qc7 15.O-O 
e5 16.Nxe5 Nxe5 17.dxe5 Qxe5 18.c4 Bf5 19.Qe2 Qxe2 20.Bxe2 d4 21.Bd3 Nc6 
22.Rae1 Re7 23.Rxe7 Nxe7 24.Re1 Nc6 25.h3 Kf7 26.g4 Bxd3 27.cxd3 Re8 28.
Rxe8 Kxe8 29.f4 a6 30.Kf2 b5 31.Kf3 Kd7 32.Ke4 Kd6 33.f5 gxf5+ 34.gxf5 b4 
35.Bf4+ Kd7 36.Bc1 bxa3 37.Bxa3 Kd6 38.Bc1 Nb4 39.Bh6 a5 40.Bf8+ Kc6 41.f6
Kd7 42.Bxc5 Na6 43.Bxd4 Ke6 44.Ke3 a4 45.Kd2 a3 46.Bc3 a2 47.Ba1 Nc5 48.
Kc2 Na4 49.d4 Kxf6 50.c5 Nxc5 51.dxc5+ Ke6 52.Kb3 Kd5 53.Kb4 1-0

[Event "50th World U20 ch"]
[Site "Chennai IND"]
[Date "2011.08.09"]
[Round "7.50"]
[White "Lokesh, P."]
[Black "Zulfic, Fedja"]
[Result "1-0"]
[WhiteElo "2194"]
[BlackElo "2098"]
[EventDate "2011.08.02"]
[PlyCount "89"]

1.e4 c5 2.Nf3 g6 3.Nc3 Bg7 4.Bc4 Nc6 5.O-O e6 6.d3 Nge7 7.Bb3 O-O 8.Be3 
Nd4 9.Bf4 d6 10.Nxd4 Bxd4 11.Qd2 a6 12.a4 b6 13.Rae1 Bb7 14.Kh1 Rc8 15.Bh6
Re8 16.Bg5 Qd7 17.Nd1 Bg7 18.Ne3 d5 19.f3 h6 20.Bh4 g5 21.Bg3 dxe4 22.fxe4
Bxe4 23.Nc4 Ba8 24.Nxb6 Qc6 25.Nxc8 Rxc8 26.Be5 Ng6 27.Bg3 Bxb2 28.Qf2 Rf8
29.Re2 Bd4 30.Qe1 h5 31.h4 Be3 32.Rf3 Bf4 33.Bxe6 fxe6 34.Rxe6 Bxg3 35.
Rxg3 Rf1+ 36.Qxf1 Qxe6 37.Rxg5 Kg7 38.Qf2 Kh6 39.Rg3 c4 40.Qd2+ Kh7 41.Qg5
cxd3 42.cxd3 a5 43.Qxh5+ Kg7 44.Qg5 Kh8 45.Qh6+ 1-0

[Event "50th World U20 ch"]
[Site "Chennai IND"]
[Date "2011.08.09"]
[Round "7.51"]
[White "Santos, Hugo Lima"]
[Black "Yashas, Devappa"]
[Result "0-1"]
[WhiteElo "2078"]
[BlackElo "2184"]
[EventDate "2011.08.02"]
[PlyCount "58"]

1.e4 d5 2.d3 Nf6 3.Nd2 g6 4.Ngf3 Bg7 5.e5 Nfd7 6.d4 f6 7.exf6 exf6 8.Bd3 
O-O 9.O-O c5 10.c3 Nc6 11.dxc5 Nxc5 12.Bc2 f5 13.Nb3 Ne6 14.Re1 Kh8 15.Qd3
f4 16.Bd2 Ng5 17.Nfd4 Ne5 18.Qb5 f3 19.h4 Nh3+ 20.gxh3 Bxh3 21.Bg5 Qc8 22.
Bf5 Rxf5 23.Nxf5 Qxf5 24.Qa4 Nc4 25.Re8+ Bf8 26.Bf6+ Kg8 27.Kh2 Qg4 28.Rg1
Bg2 29.Qd7 Qxd7 0-1

[Event "50th World U20 ch"]
[Site "Chennai IND"]
[Date "2011.08.09"]
[Round "7.52"]
[White "Akash Iyer, P. C."]
[Black "Soares, Erikson"]
[Result "1-0"]
[WhiteElo "2069"]
[BlackElo "2181"]
[EventDate "2011.08.02"]
[PlyCount "85"]

1.e4 e6 2.d3 d5 3.Nd2 c5 4.Ngf3 Nf6 5.g3 b6 6.exd5 exd5 7.Bg2 Qe7+ 8.Qe2 
Nc6 9.Qxe7+ Bxe7 10.a3 O-O 11.O-O Bb7 12.d4 cxd4 13.Nb3 Ba6 14.Re1 d3 15.
Bf1 Ne4 16.cxd3 Nc5 17.Nxc5 bxc5 18.d4 Bxf1 19.Kxf1 cxd4 20.Nxd4 Nxd4 21.
Rxe7 Nc2 22.Rb1 Rfe8 23.Rxe8+ Rxe8 24.Bf4 f6 25.Rc1 Rc8 26.Ke2 Nd4+ 27.Kd3
Rxc1 28.Bxc1 Nc6 29.f4 Kf7 30.b4 a6 31.Bd2 Ke6 32.a4 Kd6 33.Kc3 Nd8 34.Be3
Kc6 35.g4 Ne6 36.f5 Nc7 37.h4 Ne8 38.Bf4 g6 39.fxg6 hxg6 40.h5 f5 41.Be5 
f4 42.h6 f3 43.Kd3 1-0

[Event "50th World U20 ch"]
[Site "Chennai IND"]
[Date "2011.08.09"]
[Round "7.53"]
[White "Lim Zhuo Ren"]
[Black "Bukhalaf, Khalil"]
[Result "1-0"]
[WhiteElo "2155"]
[BlackElo "2004"]
[EventDate "2011.08.02"]
[PlyCount "79"]

1.Nf3 d5 2.d4 Nf6 3.g3 e6 4.c4 c6 5.Bg2 Nbd7 6.Qc2 Be7 7.O-O O-O 8.Nbd2 b6
9.b3 Bb7 10.Bb2 Rc8 11.Rac1 Re8 12.Rfd1 Bd6 13.Qb1 Qe7 14.Ne5 Bxe5 15.dxe5
Ng4 16.Qa1 f6 17.exf6 Ngxf6 18.e4 Qf7 19.exd5 exd5 20.cxd5 cxd5 21.Bd4 Ne4
22.Rxc8 Bxc8 23.Nxe4 dxe4 24.Qc3 Nf8 25.Be3 Bb7 26.Rd6 Re6 27.Rd8 Re8 28.
Rxe8 Qxe8 29.Bf1 Ng6 30.Qc7 Qc8 31.Bc4+ Kh8 32.Qd6 a6 33.Bxb6 Qf8 34.Qxf8+
Nxf8 35.Bd4 h6 36.Kf1 Kh7 37.Bf7 Ng6 38.Ke2 Ne7 39.Kd2 Nd5 40.a3 1-0

[Event "50th World U20 ch"]
[Site "Chennai IND"]
[Date "2011.08.09"]
[Round "7.55"]
[White "Kozganbaev, Erken"]
[Black "Chaithanyaa, K. G."]
[Result "1-0"]
[WhiteElo "2284"]
[BlackElo "2088"]
[EventDate "2011.08.02"]
[PlyCount "61"]

1.c4 e5 2.Nc3 Nf6 3.Nf3 Nc6 4.d3 h6 5.e3 d5 6.cxd5 Nxd5 7.Be2 Bc5 8.O-O 
O-O 9.Bd2 Be6 10.a3 a5 11.Na4 Ba7 12.Qc2 f5 13.Nc5 Bxc5 14.Qxc5 g5 15.Rac1
g4 16.Ne1 f4 17.Qb5 Ra6 18.Qc5 Rb6 19.Rb1 Qh4 20.e4 Nd4 21.Bd1 Rb5 22.Qc1 
Ne7 23.a4 f3 24.axb5 Ne2+ 25.Bxe2 fxe2 26.Nc2 Bb3 27.Ne3 exf1=Q+ 28.Qxf1 
Rd8 29.Bxa5 b6 30.Bc3 Bc2 31.Nxc2 1-0

[Event "50th World U20 ch"]
[Site "Chennai IND"]
[Date "2011.08.09"]
[Round "7.56"]
[White "Kathmale, Sameer"]
[Black "Jaswant, G."]
[Result "1-0"]
[WhiteElo "2211"]
[BlackElo "2036"]
[EventDate "2011.08.02"]
[PlyCount "89"]

1.e4 c6 2.c4 d5 3.exd5 cxd5 4.cxd5 Nf6 5.Nc3 Nxd5 6.Nf3 e6 7.Bc4 Be7 8.O-O
O-O 9.d4 Nc6 10.a3 Nf6 11.Re1 a6 12.Bd3 b5 13.Bc2 Bb7 14.Qd3 Re8 15.Bg5 g6
16.h4 Rc8 17.Rad1 b4 18.Na4 Qd5 19.Nb6 Qa5 20.Nxc8 Rxc8 21.a4 Nd5 22.Bb3 
Bxg5 23.Nxg5 Nce7 24.Qf3 Nf5 25.h5 Qd8 26.Nxe6 fxe6 27.Rxe6 Kg7 28.Re5 
Nfe7 29.Rxe7+ Nxe7 30.Qxb7 Qd6 31.Qe4 gxh5 32.Be6 Rc7 33.d5 Ng6 34.g3 a5 
35.Kg2 h4 36.Qd4+ Kh6 37.Rh1 Rc2 38.Qe3+ Kg7 39.Qd4+ Kh6 40.gxh4 Nf4+ 41.
Kf3 Ng6 42.h5 Ne5+ 43.Kg2 Rc7 44.Qf4+ Kg7 45.h6+ 1-0

[Event "50th World U20 ch"]
[Site "Chennai IND"]
[Date "2011.08.09"]
[Round "7.57"]
[White "Barbier, Sigiswald"]
[Black "Karthikeyan, Murali"]
[Result "1-0"]
[WhiteElo "2088"]
[BlackElo "2122"]
[EventDate "2011.08.02"]
[PlyCount "154"]

1.c4 Nf6 2.g3 e6 3.Bg2 d5 4.Nf3 Be7 5.O-O O-O 6.b3 c5 7.Bb2 Nc6 8.e3 b6 9.
Nc3 Bb7 10.cxd5 exd5 11.d4 Ba6 12.Re1 Rc8 13.Ne5 cxd4 14.Nxc6 Rxc6 15.Qxd4
Bc5 16.Qe5 Re8 17.Qg5 h6 18.Qf5 Rd6 19.Na4 Bb4 20.Red1 Ne4 21.a3 Bd2 22.
Bd4 Bc8 23.Qh5 b5 24.Nc5 Ba5 25.Nxe4 dxe4 26.Qxb5 Bb6 27.Qc4 Bg4 28.Rd2 
Qd7 29.Rc1 Bf5 30.Qb4 a5 31.Qc3 Ba7 32.Qxa5 Rd5 33.Qc3 Rd8 34.Qb2 Bxd4 35.
Rxd4 Rxd4 36.exd4 Qxd4 37.Qxd4 Rxd4 38.Bf1 Rd2 39.Re1 Kf8 40.h4 Ra2 41.a4 
Be6 42.Bb5 Bxb3 43.Rxe4 Ra1+ 44.Kh2 g5 45.Bc6 Rc1 46.Rb4 gxh4 47.gxh4 Rxc6
48.Rxb3 Rc4 49.Ra3 Rxh4+ 50.Kg3 Rd4 51.a5 Rd7 52.a6 Ra7 53.Kf4 Ke7 54.Kf5 
Kd7 55.Kg4 Ke6 56.Kh5 f5 57.Kg6 Ke5 58.Ra4 Ke6 59.Ra5 h5 60.Kxh5 Kf6 61.
Kh4 Kg6 62.Kg3 Kg5 63.Kf3 Kf6 64.Kf4 Kg6 65.f3 Kf6 66.Rxf5+ Ke6 67.Ra5 Kd6
68.Kg5 Kc6 69.f4 Kb6 70.Ra1 Ra8 71.f5 Rg8+ 72.Kh6 Ka7 73.f6 Rg2 74.f7 Rf2 
75.Kg7 Rg2+ 76.Kf8 Re2 77.Rg1 Kb6 1-0

[Event "50th World U20 ch"]
[Site "Chennai IND"]
[Date "2011.08.09"]
[Round "7.58"]
[White "Hercules, Benjamin Vincent"]
[Black "Visakh, N. R."]
[Result "0-1"]
[WhiteElo "2089"]
[BlackElo "2042"]
[EventDate "2011.08.02"]
[PlyCount "104"]

1.d4 Nf6 2.c4 e6 3.Nc3 d5 4.cxd5 exd5 5.Bg5 Be7 6.e3 O-O 7.Bd3 Nbd7 8.Nge2
c6 9.Qc2 Re8 10.O-O h6 11.Bh4 Ne4 12.Bg3 Nxg3 13.Nxg3 Nf6 14.Rab1 a5 15.a3
Be6 16.b4 axb4 17.axb4 b5 18.Nce2 Qb6 19.Bf5 Bxf5 20.Nxf5 Bf8 21.Nf4 Nd7 
22.Rfc1 Ra6 23.Nd3 Qb7 24.Rb3 Rc8 25.Qd1 g6 26.Nh4 Nb6 27.Nc5 Bxc5 28.dxc5
Nc4 29.Qd4 Qe7 30.Rbb1 Rca8 31.Nf3 Ra2 32.Ra1 R8a4 33.Rxa2 Rxa2 34.Ra1 Qa7
35.Rxa2 Qxa2 36.g3 Qb1+ 37.Kg2 Qf5 38.Qf4 Qe4 39.g4 Kg7 40.Kg3 Qe8 41.h4 
Qe7 42.g5 h5 43.Qd4+ Kg8 44.Qf4 Qa7 45.Nd4 Qd7 46.Kg2 Qc8 47.Kf1 Nb2 48.
Ke2 Qa8 49.Qd6 Qa1 50.Kf3 Qh1+ 51.Kg3 Qg1+ 52.Kf3 Qg4# 0-1